Finding Buck McHenry / (Record no. 605)

MARC details
000 -LEADER
fixed length control field 01021pam a2200289 a 4500
005 - DATE AND TIME OF LATEST TRANSACTION
control field 20230626091526.0
020 ## - INTERNATIONAL STANDARD BOOK NUMBER
International Standard Book Number 0060216522 :
Terms of availability $13.95 ($18.95 Can.)
020 ## - INTERNATIONAL STANDARD BOOK NUMBER
International Standard Book Number 0060216530 (lib. bdg.)
040 ## - CATALOGING SOURCE
Original cataloging agency DLC
Transcribing agency DLC
Modifying agency DLC
Language of cataloging eng
050 00 - LIBRARY OF CONGRESS CALL NUMBER
Classification number PZ7.S635
Item number Fi 1991
082 00 - DEWEY DECIMAL CLASSIFICATION NUMBER
Classification number [Fic]
Edition number 20
100 1# - MAIN ENTRY--PERSONAL NAME
Personal name Slote, Alfred.
245 10 - TITLE STATEMENT
Title Finding Buck McHenry /
Statement of responsibility, etc. by Alfred Slote.
250 ## - EDITION STATEMENT
Edition statement 1st ed.
260 ## - PUBLICATION, DISTRIBUTION, ETC.
Place of publication, distribution, etc. New York, NY :
Name of publisher, distributor, etc. Harper Trophy
Date of publication, distribution, etc. 1991.
300 ## - PHYSICAL DESCRIPTION
Extent 250 pages ;
Dimensions 22 cm.
505 ## - FORMATTED CONTENTS NOTE
Formatted contents note H
520 ## - SUMMARY, ETC.
Summary, etc. Eleven-year-old Jason, believing the school custodian Mack Henry to be Buck McHenry, a famous pitcher from the old Negro League, tries to enlist him as a coach for his Little League team by revealing his identity to the world.
521 ## - TARGET AUDIENCE NOTE
Target audience note 500 <br/>
Source Lexile
521 ## - TARGET AUDIENCE NOTE
Target audience note H <br/>
Source Raz-Plus
650 #1 - SUBJECT ADDED ENTRY--TOPICAL TERM
Topical term or geographic name entry element Baseball
Form subdivision Fiction.
650 #1 - SUBJECT ADDED ENTRY--TOPICAL TERM
Topical term or geographic name entry element African Americans
Form subdivision Fiction.
906 ## - LOCAL DATA ELEMENT F, LDF (RLIN)
a 7
b cbc
c orignew
d 1
e ocip
f 19
g y-gencatlg
942 ## - ADDED ENTRY ELEMENTS (KOHA)
Source of classification or shelving scheme Dewey Decimal Classification
Koha item type Books
Suppress in OPAC No
999 ## -
-- 605
-- 605
Holdings
Withdrawn status Lost status Source of classification or shelving scheme Damaged status Not for loan Collection Home library Current library Shelving location Date acquired Total Checkouts Full call number Barcode Date last seen Date last checked out Price effective from Koha item type
    Dewey Decimal Classification     Juvenile Fiction Footprints International School Library Network Toul Kork Campus Footprints International School Library Network Toul Kork Campus TK Primary Library Room(4th Floor), Bookcase 1&2, Shelves 1-16, Dark Blue Books 06/26/2023 3 MCH Fic PZ7.S635 FISTK00435 04/01/2026 03/25/2026 06/26/2023 Books